|
|
|
|
| LEADER |
00000nab a2200000 a 4500 |
| 001 |
vtls000439435 |
| 003 |
SK-MaSNL |
| 005 |
20260304174731.0 |
| 008 |
250424c1991 xo 0 slo |
| 015 |
|
|
|a SNBRB19rr/mm-uuuuu
|
| 035 |
|
|
|a CL0439563
|
| 035 |
|
|
|a urn:nbn:sk:snk-ab6lh4
|
| 035 |
|
|
|a (uuid)07b87fdb-9b34-4f26-866b-631e7e7bec1d
|
| 035 |
|
|
|a (urnnbn)urn:nbn:sk:snk:ar-005ge2
|
| 035 |
|
|
|a (sysno)vtls000439435
|
| 040 |
|
|
|a SNKBUCL
|b slo
|c SNKBUCL
|e AACR2
|
| 041 |
0 |
|
|a cze
|
| 044 |
|
|
|a xo
|c SK
|
| 080 |
|
|
|a 616.36-073
|2 1981
|
| 100 |
1 |
|
|a Růžek, V.
|4 aut
|9 1133938
|
| 245 |
1 |
0 |
|a Přínos abdominální ultrasonografie při diagnostice kavernózních hemangiomů
|c V. Růžek, T. Vaněček
|
| 300 |
|
|
|b Obr. 2. Tb. 2. Res. angl., nem., rus., lit. 17 zázn. v angl., nem.
|
| 650 |
0 |
7 |
|a pečeň
|2 snkbucl
|9 16488
|
| 650 |
0 |
7 |
|a kavernózne hemangiómy
|2 snkbucl
|9 1506341
|
| 650 |
0 |
7 |
|a ultrasonografia abdominálna
|2 snkbucl
|9 998955
|
| 655 |
|
7 |
|a články z novín a časopisov
|2 snkbucl
|9 267496
|
| 700 |
1 |
|
|a Vaněček, T.
|4 aut
|9 1134409
|
| 773 |
0 |
|
|t Lekársky obzor
|g Roč. 40, č. 12 (1991), s. 673-678
|
| 850 |
|
|
|a Slovenská národná knižnica
|
| 852 |
|
|
|a Slovenská národná knižnica
|
| 954 |
|
|
|a odborná, vedecká literatúra cudzojazyčná (svetová)
|2 lita
|
| 958 |
|
|
|a article2022
|
| 958 |
|
|
|a OND
|
| 958 |
|
|
|a NB
|
| 958 |
|
|
|a RK
|
| 958 |
|
|
|a MI
|
| 958 |
|
|
|a EUIPO
|
| 992 |
|
|
|a RBX
|
| 999 |
|
|
|c 3010288
|d 3012218
|